[Event "EU-Cup 38th"]
[Site "Durres"]
[Date "2023.10.06"]
[Round "6.5"]
[White "Haag, Gregor"]
[Black "Indriunas, Matas"]
[Result "1-0"]
[WhiteElo "2329"]
[BlackElo "2326"]
[PlyCount "107"]
[EventDate "2023.10.01"]
[EventType "team-swiss"]
[EventRounds "7"]
[EventCountry "ALB"]
[SourceTitle "EXT 2024"]
[Source "ChessBase"]
[SourceDate "2023.10.10"]
[SourceVersion "1"]
[SourceVersionDate "2023.10.10"]
[SourceQuality "1"]
[WhiteTeam "Riehen"]
[BlackTeam "MRU ROSK Consulting"]
[WhiteTeamCountry "SUI"]
[BlackTeamCountry "LTU"]

1. d4 Nf6 2. c4 g6 3. Nc3 d5 4. Nf3 Bg7 5. Bg5 Ne4 6. Bf4 Nxc3 7. bxc3 c5 8. e3 Nc6 9. cxd5 Qxd5 10. Be2 cxd4 11. cxd4 0-0 12. 0-0 Bf5 13. h4 h6 14. Qa4 Rfc8 15. Rac1 Qd7 16. Bb5 a6 17. Bxc6 Rxc6 18. Rxc6 bxc6 19. Ne5 Bxe5 20. Bxe5 Qd5 21. Rc1 Be6 22. a3 Qe4 23. Qxc6 Qxc6 24. Rxc6 a5 25. e4 Ba2 26. d5 a4 27. h5 f6 28. Bc3 gxh5 29. d6 exd6 30. Rxd6 Bb1 31. f3 f5 32. Rg6+ Kf7 33. Rf6+ Ke7 34. Rxf5 Ra6 35. Bd2 h4 36. Rh5 Kf7 37. Bxh6 Rd6 38. Rxh4 Rd3 39. Rf4+ Kg6 40. Bf8 Ba2 41. Be7 Bc4 42. Rf6+ Kg7 43. Rc6 Rd1+ 44. Kh2 Bf1 45. Bb4 Kf7 46. g4 Be2 47. Kg3 Rf1 48. Rc3 Bd1 49. Kg2 Be2 50. Re3 Bb5 51. Re1 Rxe1 52. Bxe1 Kf6 53. Bc3+ Ke6 54. f4 1-0

[Event "Piestany op-A"]
[Site "Piestany"]
[Date "2023.07.16"]
[Round "6"]
[White "Kosakowski, Jakub"]
[Black "Indriunas, Matas"]
[Result "1-0"]
[WhiteElo "2475"]
[BlackElo "2323"]
[PlyCount "87"]
[EventDate "2023.07.11"]
[EventType "swiss"]
[EventRounds "9"]
[EventCountry "SVK"]
[SourceTitle "EXT 2024"]
[Source "ChessBase"]
[SourceDate "2023.10.10"]
[SourceVersion "1"]
[SourceVersionDate "2023.10.10"]
[SourceQuality "1"]

1. Nf3 Nf6 2. b3 g6 3. Bb2 Bg7 4. d4 c5 5. e3 b6 6. Bd3 Bb7 7. 0-0 0-0 8. Nbd2 Nc6 9. a3 Re8 10. c4 cxd4 11. exd4 d5 12. Re1 Rc8 13. Rc1 e6 14. Bf1 Re7 15. Ba1 a5 16. Rb1 Qd6 17. b4 axb4 18. axb4 Nxb4 19. c5 bxc5 20. dxc5 Qxc5 21. Bd4 Qd6 22. Bxf6 Bxf6 23. Ne4 Qf4 24. Nxf6+ Qxf6 25. Rxb4 Rec7 26. Ne5 Bc6 27. Qd2 Be8 28. Rf4 Qg7 29. Ng4 f5 30. Ne5 Rc2 31. Qe3 Qc7 32. Rb4 Qc3 33. Qxc3 R2xc3 34. Rb6 Rc1 35. Rxc1 Rxc1 36. f4 Kg7 37. Kf2 Rc2+ 38. Ke3 g5 39. fxg5 f4+ 40. Kd4 Rf2 41. Bd3 Rxg2 42. Rxe6 Bh5 43. Re7+ Kf8 44. Rxh7 1-0

[Event "LTU-ch"]
[Site "Kaunas"]
[Date "2023.06.07"]
[Round "2"]
[White "Indriunas, Matas"]
[Black "Laurusas, Tomas"]
[Result "0-1"]
[WhiteElo "2259"]
[BlackElo "2548"]
[PlyCount "100"]
[EventDate "2023.06.06"]
[EventType "tourn"]
[EventRounds "9"]
[EventCountry "LTU"]
[EventCategory "8"]
[SourceTitle "CBM 214 Extra"]
[Source "ChessBase"]
[SourceDate "2023.07.31"]
[SourceVersion "1"]
[SourceVersionDate "2023.07.31"]
[SourceQuality "1"]

1. e4 c5 2. Nf3 e6 3. d4 cxd4 4. Nxd4 a6 5. c4 Nf6 6. Nc3 Qc7 7. Be2 Bb4 8. Nc2 Be7 9. Be3 d6 10. g4 0-0 11. g5 Nfd7 12. f4 Nc6 13. Rc1 Re8 14. h4 b6 15. h5 Bf8 16. h6 g6 17. 0-0 Bb7 18. Qe1 Ne7 19. Qf2 Nc5 20. Qg2 d5 21. cxd5 exd5 22. Nxd5 Bxd5 23. exd5 Nf5 24. Bd4 Bd6 25. b4 Nxd4 26. Nxd4 Bxf4 27. bxc5 Bxc1 28. Rxc1 Qe5 29. Nb3 Qe3+ 30. Kh1 bxc5 31. Bf3 Re5 32. Rg1 Rd8 33. Nd2 Rf5 34. d6 Rf4 35. Qe2 Rh4+ 36. Kg2 Qxg5+ 37. Kf1 Qxh6 38. d7 Rd4 39. Ne4 Qh3+ 40. Rg2 Qh1+ 41. Rg1 Qh3+ 42. Rg2 Qf5 43. Rf2 Kg7 44. Bh1 Qh3+ 45. Bg2 Qxd7 46. Qb2 Qb5+ 47. Qxb5 Rd1+ 48. Ke2 axb5 49. Nxc5 R8d2+ 50. Ke3 Rxf2 0-1

[Event "Lienz op 21st"]
[Site "Lienz"]
[Date "2023.02.18"]
[Round "9"]
[White "Indriunas, Matas"]
[Black "Zanon, Magnus"]
[Result "1-0"]
[WhiteElo "2285"]
[BlackElo "2068"]
[PlyCount "59"]
[EventDate "2023.02.11"]
[EventType "swiss"]
[EventRounds "9"]
[EventCountry "AUT"]
[SourceTitle "CBM 212 Extra"]
[Source "ChessBase"]
[SourceDate "2023.03.31"]
[SourceVersion "1"]
[SourceVersionDate "2023.03.31"]
[SourceQuality "1"]

1. e4 e6 2. d4 d5 3. Nd2 c5 4. Ngf3 cxd4 5. Nxd4 a6 6. e5 Nc6 7. Nxc6 bxc6 8. Bd3 Qc7 9. Qe2 Ne7 10. 0-0 Ng6 11. f4 Bc5+ 12. Kh1 Ne7 13. Nf3 Bb7 14. c4 h6 15. Bd2 0-0 16. Rac1 Qb6 17. b4 Bxb4 18. Bxb4 Qxb4 19. Rb1 a5 20. Rxb4 axb4 21. cxd5 Nxd5 22. Qe4 g6 23. Nh4 Ra3 24. Nxg6 Rxd3 25. Qxd3 Ra8 26. Nh4 Rxa2 27. f5 c5 28. fxe6 Nf4 29. Rxf4 Ra1+ 30. Rf1 1-0

[Event "Lienz op 21st"]
[Site "Lienz"]
[Date "2023.02.12"]
[Round "3"]
[White "Venkatesh, Marani Rajendran"]
[Black "Indriunas, Matas"]
[Result "1-0"]
[WhiteElo "2452"]
[BlackElo "2285"]
[PlyCount "85"]
[EventDate "2023.02.11"]
[EventType "swiss"]
[EventRounds "9"]
[EventCountry "AUT"]
[SourceTitle "CBM 212 Extra"]
[Source "ChessBase"]
[SourceDate "2023.03.31"]
[SourceVersion "1"]
[SourceVersionDate "2023.03.31"]
[SourceQuality "1"]

1. e4 c5 2. Nc3 Nc6 3. Bb5 Nd4 4. Bc4 Nf6 5. Nge2 e6 6. 0-0 a6 7. a4 d5 8. exd5 exd5 9. Ba2 Bd6 10. h3 Bc7 11. d3 Ne6 12. f4 g6 13. Ng3 h5 14. f5 Bxg3 15. fxe6 fxe6 16. Bg5 0-0 17. Qe2 Bc7 18. Rf3 Kg7 19. Qf2 Be5 20. Qxc5 Qd6 21. Qe3 Nh7 22. Bh6+ Kg8 23. Bxf8 Nxf8 24. d4 Bg7 25. Ne2 Bd7 26. c3 b5 27. Bb3 b4 28. Bc2 Re8 29. Qd3 e5 30. dxe5 Rxe5 31. Nd4 bxc3 32. bxc3 Re4 33. Qd2 Re7 34. Rd1 Be8 35. Bb3 Bf7 36. Qa2 Bf6 37. Ne2 Kg7 38. Kh1 Qc5 39. Nf4 Bxc3 40. Bxd5 Bf6 41. Bxf7 Rxf7 42. Ne6+ Nxe6 43. Qxe6 1-0

[Event "LTU-ch Rapid"]
[Site "Taujenai"]
[Date "2022.12.04"]
[Round "10"]
[White "Bazilius, Augustinas"]
[Black "Indriunas, Matas"]
[Result "1/2-1/2"]
[WhiteElo "1949"]
[BlackElo "2139"]
[PlyCount "119"]
[EventDate "2022.12.03"]
[EventType "swiss (rapid)"]
[EventRounds "10"]
[EventCountry "LTU"]
[SourceTitle "CBM 211 Extra"]
[Source "ChessBase"]
[SourceDate "2023.01.31"]
[SourceVersion "1"]
[SourceVersionDate "2023.01.31"]
[SourceQuality "1"]

1. d4 b5 2. Bf4 Bb7 3. e3 e6 4. Nf3 a6 5. c4 bxc4 6. Bxc4 Nf6 7. 0-0 c5 8. Nc3 cxd4 9. Nxd4 d6 10. Nde2 Be7 11. Rc1 0-0 12. Bd3 Nbd7 13. Bb1 e5 14. Bg3 d5 15. Bf5 Bd6 16. Bh4 Qa5 17. Bxd7 Nxd7 18. Ne4 Bb8 19. Qb3 Ra7 20. N4g3 g6 21. Be7 Re8 22. Bb4 Qb6 23. Bc5 Qxb3 24. axb3 Nxc5 25. Rxc5 Bd6 26. Rc2 h5 27. Rd1 Rd8 28. Nc3 Bb4 29. Nge2 Ba8 30. Na2 Be7 31. Rdc1 d4 32. exd4 exd4 33. Rc8 Rad7 34. Rxd8+ Rxd8 35. Rd1 Bf6 36. Nb4 a5 37. Nd3 Bd5 38. Nec1 h4 39. f4 Rc8 40. Rd2 g5 41. g3 Kg7 42. Ne2 Bxb3 43. Ne5 a4 44. Nxd4 Rc1+ 45. Kf2 h3 46. Nf5+ Kg8 47. Ng4 Bg7 48. Rd8+ Kh7 49. fxg5 Rc2+ 50. Ke3 Be6 51. Nxg7 Bxg4 52. Ne8 Kg6 53. Rd4 Kxg5 54. Rd2 Rc1 55. Nd6 f5 56. Kf2 Rh1 57. Ke3 Rf1 58. Nb5 Bf3 59. Rf2 Rxf2 60. Kxf2 1/2-1/2

[Event "LTU-ch Rapid"]
[Site "Taujenai"]
[Date "2022.12.04"]
[Round "6"]
[White "Sakalauskas, Vaidas"]
[Black "Indriunas, Matas"]
[Result "1-0"]
[WhiteElo "2317"]
[BlackElo "2139"]
[PlyCount "49"]
[EventDate "2022.12.03"]
[EventType "swiss (rapid)"]
[EventRounds "10"]
[EventCountry "LTU"]
[SourceTitle "CBM 211 Extra"]
[Source "ChessBase"]
[SourceDate "2023.01.31"]
[SourceVersion "1"]
[SourceVersionDate "2023.01.31"]
[SourceQuality "1"]

1. d4 Nf6 2. c4 e6 3. Nf3 b6 4. Bf4 Bb7 5. e3 Bb4+ 6. Nfd2 0-0 7. a3 Be7 8. Nc3 c5 9. d5 d6 10. e4 a6 11. Be2 b5 12. cxb5 exd5 13. exd5 Nxd5 14. Nxd5 Bxd5 15. 0-0 axb5 16. Bxb5 Bb7 17. Nf3 d5 18. Re1 Bf6 19. Ne5 d4 20. Rc1 Qd5 21. f3 Nc6 22. Bc4 Qd8 23. Nxf7 Rxf7 24. Bxf7+ Kxf7 25. Qb3+ 1-0

[Event "LTU-ch Rapid"]
[Site "Taujenai"]
[Date "2022.12.03"]
[Round "3"]
[White "Indriunas, Matas"]
[Black "Nainys, Zanas1111"]
[Result "1-0"]
[WhiteElo "2139"]
[BlackElo "1937"]
[PlyCount "42"]
[EventDate "2022.12.03"]
[EventType "swiss (rapid)"]
[EventRounds "10"]
[EventCountry "LTU"]
[SourceTitle "CBM 211 Extra"]
[Source "ChessBase"]
[SourceDate "2023.01.31"]
[SourceVersion "1"]
[SourceVersionDate "2023.01.31"]
[SourceQuality "1"]

1. e4 e5 2. Nf3 Nf6 3. Nxe5 d6 4. Nf3 Nxe4 5. c4 c6 6. Nc3 Nf6 7. d4 d5 8. cxd5 Nxd5 9. Bc4 Nb6 10. Bb3 Be7 11. 0-0 0-0 12. Qd3 N8d7 13. Bc2 Nf6 14. Bg5 g6 15. Bb3 Bf5 16. Qd2 a5 17. a3 Re8 18. Rfe1 Nfd5 19. Bxe7 Rxe7 20. Qh6 Nf6 21. Ng5 Rd7 1-0

[Event "Titled Tuesday intern op 13th Sep Early"]
[Site "Chess.com INT"]
[Date "2022.09.13"]
[Round "4"]
[White "Ezat, Mohamed Mahmoud"]
[Black "Indriunas, Matas"]
[Result "1-0"]
[WhiteElo "2391"]
[BlackElo "2253"]
[PlyCount "29"]
[EventDate "2022.09.13"]
[EventType "swiss (blitz)"]
[EventRounds "11"]
[EventCountry "USA"]
[SourceTitle "EXT 2023"]
[Source "ChessBase"]
[SourceDate "2022.10.05"]
[SourceVersion "1"]
[SourceVersionDate "2022.10.05"]
[SourceQuality "1"]

1. d4 f5 2. Nc3 Nf6 3. Bg5 e6 4. e4 fxe4 5. Nxe4 Be7 6. Bxf6 Bxf6 7. Nf3 0-0 8. Bd3 b6 9. Qe2 Bb7 10. 0-0-0 c5 11. h4 cxd4 12. Nfg5 h6 13. Kb1 Nc6 14. Nd6 Rb8 15. Qe4 1-0

[Event "Titled Tuesday intern op 13th Sep Early"]
[Site "Chess.com INT"]
[Date "2022.09.13"]
[Round "8"]
[White "Indriunas, Matas"]
[Black "Chan, Luis"]
[Result "1/2-1/2"]
[WhiteElo "2253"]
[BlackElo "2192"]
[PlyCount "133"]
[EventDate "2022.09.13"]
[EventType "swiss (blitz)"]
[EventRounds "11"]
[EventCountry "USA"]
[SourceTitle "EXT 2023"]
[Source "ChessBase"]
[SourceDate "2022.10.05"]
[SourceVersion "1"]
[SourceVersionDate "2022.10.05"]
[SourceQuality "1"]

1. Nf3 d5 2. e3 Nf6 3. c4 e6 4. Nc3 Be7 5. b3 0-0 6. Bb2 c5 7. g3 Nc6 8. Bg2 d4 9. exd4 cxd4 10. Nb1 e5 11. d3 Bf5 12. 0-0 Bd6 13. a3 Qd7 14. b4 Rfe8 15. Re1 Rad8 16. Qb3 Bh3 17. Bh1 e4 18. dxe4 Nxe4 19. Nbd2 Nxd2 20. Nxd2 h5 21. Ne4 Be5 22. Qd3 Bf5 23. Qd2 Bxe4 24. Rxe4 d3 25. Bxe5 Rxe5 26. Rd1 Rxe4 27. Bxe4 Ne5 28. c5 Qd4 29. Qe3 Qxe3 30. fxe3 d2 31. Kf2 Nc4 32. Ke2 Re8 33. Bxb7 Rxe3+ 34. Kf2 Rxa3 35. Bd5 Rc3 36. c6 Rc1 37. Bxc4 Rxc4 38. Rxd2 Rxc6 39. Rd8+ Kh7 40. Rd7 Rb6 41. Rxf7 Rxb4 42. Rxa7 Rb2+ 43. Kg1 Kg6 44. Ra5 Kh6 45. h4 g6 46. Rc5 Kg7 47. Ra5 Kh6 48. Rc5 Kg7 49. Ra5 Kf6 50. Rc5 Rd2 51. Ra5 Rb2 52. Rc5 Kf7 53. Ra5 Kg7 54. Rc5 Kf6 55. Ra5 Re2 56. Rc5 Re5 57. Rc4 Kf5 58. Kf2 Ra5 59. Rc3 Ra2+ 60. Kf3 Ra5 61. Rb3 Rc5 62. Rd3 g5 63. hxg5 Kxg5 64. Kg2 Rf5 65. Kh3 Rb5 66. Re3 Rc5 67. Ra3 1/2-1/2

[Event "Suwalki Warakomska Memorial 6th"]
[Site "Suwalki"]
[Date "2022.08.09"]
[Round "8"]
[White "Indriunas, Matas"]
[Black "Cukrowski, Filip"]
[Result "0-1"]
[WhiteElo "2253"]
[BlackElo "2386"]
[PlyCount "56"]
[EventDate "2022.08.03"]
[EventType "swiss"]
[EventRounds "9"]
[EventCountry "POL"]
[SourceTitle "CBM 209 Extra"]
[Source "ChessBase"]
[SourceDate "2022.09.30"]
[SourceVersion "1"]
[SourceVersionDate "2022.09.30"]
[SourceQuality "1"]

1. e4 e6 2. d4 d5 3. Nc3 dxe4 4. Nxe4 Nd7 5. Nf3 Be7 6. Bd3 b6 7. Ne5 Nxe5 8. dxe5 Qd5 9. Bf4 Bb7 10. 0-0 0-0-0 11. Qg4 f5 12. Qxg7 fxe4 13. Be2 e3 14. f3 Qd2 15. Rae1 Bh4 16. Bg3 Ne7 17. Bxh4 Nf5 18. Qf6 Nd4 19. Bc4 e2 20. Bxe2 Nxe2+ 21. Kh1 Nf4 22. Rg1 Rdf8 23. Qh6 Qxc2 24. Bf6 Nd3 25. Ref1 Rhg8 26. h3 Bd5 27. Kh2 Rf7 28. Qh5 Nf4 0-1

[Event "Plunge op-A 41st"]
[Site "Plateliai"]
[Date "2022.07.22"]
[Round "7"]
[White "Indriunas, Matas"]
[Black "Povilaitis, Matas Arunas"]
[Result "1-0"]
[WhiteElo "2167"]
[BlackElo "1856"]
[PlyCount "89"]
[EventDate "2022.07.18"]
[EventType "swiss"]
[EventRounds "9"]
[EventCountry "LTU"]
[SourceTitle "CBM 209 Extra"]
[Source "ChessBase"]
[SourceDate "2022.09.30"]
[SourceVersion "1"]
[SourceVersionDate "2022.09.30"]
[SourceQuality "1"]

1. e4 c5 2. Nf3 Nc6 3. d4 cxd4 4. Nxd4 e5 5. Nb5 d6 6. N1c3 a6 7. Na3 b5 8. Nd5 Nge7 9. c4 Nxd5 10. cxd5 Nd4 11. Bd3 Be7 12. 0-0 0-0 13. Be3 f5 14. Bxd4 exd4 15. Nc2 fxe4 16. Bxe4 Bf6 17. Nxd4 Qb6 18. Ne6 Bxe6 19. dxe6 Rac8 20. Qd3 g6 21. Rad1 Be5 22. g3 Kg7 23. b3 Kf6 24. Kg2 Ke7 25. Qd2 Bg7 26. Qg5+ Rf6 27. Qh4 Rcf8 28. Qxh7 Rxf2+ 29. Rxf2 Qxf2+ 30. Kh1 Qb2 31. Qxg6 Rf2 32. Bg2 Be5 33. a4 Qe2 34. Rc1 Bc3 35. Qe4 b4 36. Qxe2 Rxe2 37. Bf1 Rb2 38. Bc4 a5 39. Rf1 Bf6 40. Rf5 Rb1+ 41. Kg2 Rb2+ 42. Kh3 Rc2 43. Rxa5 Bd4 44. Rh5 Bg1 45. Rh7+ 1-0

[Event "Plunge op-A 41st"]
[Site "Plateliai"]
[Date "2022.07.21"]
[Round "6"]
[White "Indriunas, Matas"]
[Black "Levitsky, Andrey"]
[Result "1/2-1/2"]
[WhiteElo "2167"]
[BlackElo "2320"]
[PlyCount "44"]
[EventDate "2022.07.18"]
[EventType "swiss"]
[EventRounds "9"]
[EventCountry "LTU"]
[SourceTitle "CBM 209 Extra"]
[Source "ChessBase"]
[SourceDate "2022.09.30"]
[SourceVersion "1"]
[SourceVersionDate "2022.09.30"]
[SourceQuality "1"]

1. e4 g6 2. d4 Bg7 3. c3 d5 4. Nd2 dxe4 5. Nxe4 Nf6 6. Nxf6+ exf6 7. Be3 Nd7 8. Qd2 Nb6 9. Be2 Be6 10. Bh6 0-0 11. Bxg7 Kxg7 12. h4 Qe7 13. h5 Rfe8 14. b3 a5 15. 0-0-0 Kg8 16. Re1 a4 17. b4 Qd7 18. a3 Qd5 19. Nf3 Re7 20. Bd3 Rae8 21. Qc2 Qb3 22. Qb2 Bd5 1/2-1/2

[Event "Plunge op-A 41st"]
[Site "Plateliai"]
[Date "2022.07.20"]
[Round "4"]
[White "Indriunas, Matas"]
[Black "Skierus, Algimantas"]
[Result "1-0"]
[WhiteElo "2167"]
[BlackElo "1847"]
[PlyCount "115"]
[EventDate "2022.07.18"]
[EventType "swiss"]
[EventRounds "9"]
[EventCountry "LTU"]
[SourceTitle "CBM 209 Extra"]
[Source "ChessBase"]
[SourceDate "2022.09.30"]
[SourceVersion "1"]
[SourceVersionDate "2022.09.30"]
[SourceQuality "1"]

1. e4 c5 2. Nf3 e6 3. d4 cxd4 4. Nxd4 Nc6 5. Nc3 a6 6. Be3 Qc7 7. Qf3 Nf6 8. 0-0-0 b5 9. Nxc6 Qxc6 10. e5 Qxf3 11. gxf3 b4 12. Ne4 Nd5 13. Bc5 Bxc5 14. Nxc5 Ke7 15. Rg1 Rg8 16. Bd3 Nf4 17. Rg4 Nxd3+ 18. Rxd3 a5 19. f4 Ra7 20. Ne4 Ba6 21. Rh3 Be2 22. Rgg3 h5 23. Nf6 Rc8 24. Rxg7 Rac7 25. c3 bxc3 26. Rxc3 Rxc3+ 27. bxc3 Bf3 28. Rg8 Rxg8 29. Nxg8+ Kf8 30. Nf6 Ke7 31. Kd2 h4 32. Ke3 Bg2 33. Kd4 a4 34. a3 Bf3 35. Ne4 Bg2 36. c4 Bf3 37. c5 h3 38. Nf6 Kd8 39. Nh7 Bg2 40. Kc4 Kc7 41. Ng5 Kc6 42. Nxf7 Bf1+ 43. Kd4 Bg2 44. Nd6 Bf3 45. f5 exf5 46. Nxf5 Kb5 47. Nh4 Bg2 48. f4 Kc6 49. Ng6 Kc7 50. Ne7 Kd8 51. Nd5 Ke8 52. Nc3 Bc6 53. Ne4 Ke7 54. f5 Kf8 55. Ng5 Bg2 56. f6 Ke8 57. Ke3 Kf8 58. Kf4 1-0

[Event "Panevezys op-A"]
[Site "Panevezys"]
[Date "2022.06.30"]
[Round "8"]
[White "Indriunas, Matas"]
[Black "Martynkova, Olena"]
[Result "1-0"]
[WhiteElo "2167"]
[BlackElo "2213"]
[PlyCount "95"]
[EventDate "2022.06.25"]
[EventType "swiss"]
[EventRounds "9"]
[EventCountry "LTU"]
[SourceTitle "CBM 209 Extra"]
[Source "ChessBase"]
[SourceDate "2022.09.30"]
[SourceVersion "1"]
[SourceVersionDate "2022.09.30"]
[SourceQuality "1"]

1. e4 c5 2. Nf3 e6 3. d4 cxd4 4. Nxd4 Nc6 5. Nc3 Qc7 6. Be3 a6 7. Qf3 Nf6 8. 0-0-0 Ne5 9. Qg3 b5 10. a3 Bb7 11. Bxb5 g6 12. Bg5 Bg7 13. Bxf6 Bxf6 14. f4 0-0 15. Be2 Nc4 16. e5 Bg7 17. Nb3 Rfd8 18. Bxc4 Qxc4 19. Na5 Qc7 20. Nxb7 Qxb7 21. Rd3 Rab8 22. b3 Bf8 23. a4 d5 24. h4 Rbc8 25. h5 Qc6 26. hxg6 fxg6 27. Qf2 d4 28. Nb1 Rd7 29. Rh2 Qe4 30. Qf3 Qe1+ 31. Qd1 Qe4 32. g3 Bc5 33. Nd2 Ba3+ 34. Kb1 Qb7 35. Qh1 Qxh1+ 36. Rxh1 Rdc7 37. Nc4 Bc5 38. Rh2 h5 39. Nd2 Kg7 40. Nf3 Rd7 41. Rhd2 Rcd8 42. c3 Rd5 43. Nxd4 Kf7 44. Kc2 Be7 45. Nc6 Rxd3 46. Rxd3 Rc8 47. Nxe7 Kxe7 48. Rd6 1-0

[Event "Panevezys op-A"]
[Site "Panevezys"]
[Date "2022.06.27"]
[Round "4"]
[White "Indriunas, Matas"]
[Black "Baginskaite, Camilla"]
[Result "1-0"]
[WhiteElo "2167"]
[BlackElo "2134"]
[PlyCount "49"]
[EventDate "2022.06.25"]
[EventType "swiss"]
[EventRounds "9"]
[EventCountry "LTU"]
[SourceTitle "CBM 209 Extra"]
[Source "ChessBase"]
[SourceDate "2022.09.30"]
[SourceVersion "1"]
[SourceVersionDate "2022.09.30"]
[SourceQuality "1"]

1. e4 e6 2. d4 d5 3. Nd2 c5 4. Ngf3 Nc6 5. exd5 exd5 6. Bb5 Qe7+ 7. Be2 Qc7 8. 0-0 Nf6 9. dxc5 Bxc5 10. Nb3 Bb6 11. Bg5 Qd6 12. c4 0-0 13. c5 Bxc5 14. Nxc5 Qxc5 15. Bxf6 gxf6 16. Rc1 Qb4 17. Qxd5 Qxb2 18. Bc4 Bg4 19. Rb1 Qc3 20. Rfc1 Bxf3 21. gxf3 Qa3 22. Qf5 Rad8 23. Kh1 Qd6 24. Rg1+ Kh8 25. Bd3 1-0